[Event "Mitropacup (Women) 12th"]
[Site "Mayrhofen"]
[Date "2015.06.19"]
[Round "6.1"]
[White "Heinatz, Dr. Gundula"]
[Black "Exler, Veronika"]
[Result "1-0"]
[WhiteElo "2215"]
[BlackElo "2193"]
[PlyCount "77"]
[EventDate "2015.06.14"]
[EventType "team"]
[EventRounds "9"]
[EventCountry "AUT"]
[WhiteTeam "Switzerland"]
[BlackTeam "Austria I"]
[WhiteTeamCountry "SUI"]

1. d4 d5 2. Nf3 Nf6 3. Bg5 Ne4 4. Bf4 c5 5. e3 Qb6 6. Nc3 Nxc3 7. bxc3 Qb2 8.
c4 Qc3+ 9. Nd2 e6 10. cxd5 exd5 11. Bxb8 Rxb8 12. Bb5+ Bd7 13. Bxd7+ Kxd7 14.
O-O f6 15. Rb1 Ke6 16. Rb3 Qa5 17. c4 dxc4 18. Nxc4 Qa6 19. d5+ Kf7 20. Qc2 b5
21. Rfb1 Qa4 22. Qe2 Be7 23. Rxb5 Rxb5 24. Rxb5 Rd8 25. e4 Qxb5 26. Ne5+ fxe5
27. Qxb5 Rc8 28. Qb7 Rd8 29. Qc6 Rd6 30. Qxc5 Rb6 31. Qc2 Bd6 32. g3 Rb7 33.
Qc6 Rb1+ 34. Kg2 Ke7 35. Qc8 Rb6 36. Qe6+ Kf8 37. Qd7 Bb8 38. a4 Rb2 39. d6 1-0

[Event "Mitropacup (Women) 12th"]
[Site "Mayrhofen"]
[Date "2015.06.19"]
[Round "6.2"]
[White "Newrkla, Katharina"]
[Black "Georgescu, Lena"]
[Result "1/2-1/2"]
[WhiteElo "2153"]
[BlackElo "2052"]
[PlyCount "147"]
[EventDate "2015.06.14"]
[EventType "team"]
[EventRounds "9"]
[EventCountry "AUT"]
[WhiteTeam "Austria I"]
[BlackTeam "Switzerland"]
[BlackTeamCountry "SUI"]

1. e4 c5 2. Nf3 d6 3. d4 cxd4 4. Nxd4 Nf6 5. Nc3 Nc6 6. Bg5 e6 7. Qd2 a6 8.
O-O-O Bd7 9. f4 b5 10. Bxf6 gxf6 11. Nxc6 Bxc6 12. Qe3 h5 13. Kb1 Bh6 14. g3
Rb8 15. Bg2 b4 16. Ne2 Ba8 17. Bf3 Qb6 18. Qd3 Ke7 19. Bxh5 a5 20. Bf3 Rhd8 21.
h4 a4 22. b3 Bb7 23. Qd4 Qa5 24. Nc1 Ra8 25. Rh2 f5 26. Rf2 fxe4 27. Bxe4 Bxe4
28. Qxe4 Bg7 29. Rfd2 d5 30. Qe3 Rac8 31. f5 Rc3 32. Qf2 Qc7 33. Rf1 Qe5 34.
Qf4 Qxf4 35. gxf4 Rh3 36. fxe6 fxe6 37. Re2 Rxh4 38. Nd3 Bc3 39. Nc5 axb3 40.
cxb3 e5 41. fxe5 Rc8 42. Nd3 Re4 43. Rh2 Bxe5 44. Nxe5 Rxe5 45. Rf4 Rb8 46. Kc2
Kd6 47. Kd3 Re1 48. Rh7 Ra8 49. Rxb4 Rxa2 50. Rg4 Re4 51. Rxe4 dxe4+ 52. Kxe4
Rb2 53. Rb7 Kc6 54. Rb8 Kc7 55. Rb4 Rh2 56. Kd3 Rh3+ 57. Kc2 Rh2+ 58. Kc3 Rh3+
59. Kb2 Rh2+ 60. Ka3 Rh8 61. Rg4 Kb7 62. Rg6 Rh4 63. b4 Rh3+ 64. Ka4 Rh5 65.
Rf6 Rg5 66. Rh6 Rf5 67. Rh7+ Kb8 68. b5 Rf8 69. Ka5 Rf6 70. Rh8+ Kb7 71. Rh7+
Kb8 72. b6 Rf1 73. Ka6 Ra1+ 74. Kb5 1/2-1/2

[Event "Mitropacup (Women) 12th"]
[Site "Mayrhofen"]
[Date "2015.06.19"]
[Round "6.1"]
[White "Unuk, Laura"]
[Black "Hoolt, Sarah"]
[Result "0-1"]
[WhiteElo "2121"]
[BlackElo "2283"]
[PlyCount "80"]
[EventDate "2015.06.14"]
[EventType "team"]
[EventRounds "9"]
[EventCountry "AUT"]
[WhiteTeam "Slovenia"]
[BlackTeam "Germany"]
[WhiteTeamCountry "SLO"]
[BlackTeamCountry "GER"]

1. Nf3 Nf6 2. c4 d6 3. d4 Nbd7 4. Nc3 e5 5. g3 Be7 6. Bg2 O-O 7. O-O c6 8. e4
a6 9. Re1 Re8 10. d5 cxd5 11. cxd5 b5 12. b4 Nb6 13. a4 bxa4 14. Nxa4 Nxa4 15.
Qxa4 Bd7 16. Qa3 Qb8 17. Nd2 Bb5 18. Nb3 Rc8 19. Na5 Bd8 20. Be3 Ng4 21. Rec1
Nxe3 22. Qxe3 Rxc1+ 23. Rxc1 Bb6 24. Qd2 Qd8 25. Nc6 Qd7 26. Kh1 Re8 27. Qc2 h5
28. h4 Qg4 29. Kh2 Be2 30. Kg1 Bf3 31. Qd3 Be2 32. Qc2 f5 33. exf5 e4 34. Re1
Bf3 35. Kh2 Bxg2 36. Kxg2 Qf3+ 37. Kg1 Qxg3+ 38. Kf1 Qh3+ 39. Kg1 e3 40. fxe3
Rxe3 0-1

[Event "Mitropacup (Women) 12th"]
[Site "Mayrhofen"]
[Date "2015.06.19"]
[Round "6.2"]
[White "Fuchs, Judith"]
[Black "Hrescak, Ivana"]
[Result "1-0"]
[WhiteElo "2286"]
[BlackElo "2057"]
[PlyCount "123"]
[EventDate "2015.06.14"]
[EventType "team"]
[EventRounds "9"]
[EventCountry "AUT"]
[WhiteTeam "Germany"]
[BlackTeam "Slovenia"]
[WhiteTeamCountry "GER"]
[BlackTeamCountry "SLO"]

1. e4 c5 2. Nf3 d6 3. d4 cxd4 4. Nxd4 Nf6 5. Nc3 g6 6. Be3 Bg7 7. f3 Nc6 8. Qd2
O-O 9. g4 Be6 10. Nxe6 fxe6 11. O-O-O Ne5 12. Be2 Rc8 13. Kb1 Qa5 14. Nb5 Qxd2
15. Bxd2 a6 16. Nd4 Kf7 17. g5 Nfd7 18. f4 Nc4 19. Bc1 e5 20. fxe5 Ndxe5 21.
Bf1 Kg8 22. Bh3 Rb8 23. Be6+ Kh8 24. h4 h5 25. gxh6 Bf6 26. h5 g5 27. Rhg1 g4
28. b3 Na5 29. Bf5 Nf3 30. Nxf3 gxf3 31. Rg3 Nc6 32. Rxf3 Nd4 33. Rff1 Nxf5 34.
Rxf5 Kh7 35. Rdf1 Rg8 36. Bf4 Rbd8 37. e5 dxe5 38. Bxe5 Kxh6 39. Bxf6 exf6 40.
Rxf6+ Kxh5 41. Rf7 Rb8 42. R1f5+ Rg5 43. Rh7+ Kg6 44. Rff7 b5 45. a3 Rc5 46.
Rhg7+ Kh6 47. Rg2 Rb6 48. Rfg7 Rbc6 49. R7g3 Rh5 50. Kb2 Kh7 51. Rg4 Rhc5 52.
a4 Kh6 53. axb5 axb5 54. Rh4+ Rh5 55. Rxh5+ Kxh5 56. Rg8 Rc5 57. b4 Rf5 58. Kc3
Rf3+ 59. Kd4 Rf2 60. Kc5 Rf5+ 61. Kb6 Re5 62. Rc8 1-0

[Event "Mitropacup (Women) 12th"]
[Site "Mayrhofen"]
[Date "2015.06.19"]
[Round "6.1"]
[White "Novosadova, Kristyna"]
[Black "Gara, Ticia"]
[Result "0-1"]
[WhiteElo "2211"]
[BlackElo "2333"]
[PlyCount "102"]
[EventDate "2015.06.14"]
[EventType "team"]
[EventRounds "9"]
[EventCountry "AUT"]
[WhiteTeam "Czech Republic"]
[BlackTeam "Hungary"]
[WhiteTeamCountry "CZE"]
[BlackTeamCountry "HUN"]

1. e4 c5 2. Nf3 Nc6 3. d4 cxd4 4. Nxd4 g6 5. Nc3 Bg7 6. Be3 Nf6 7. Bc4 O-O 8.
Bb3 a5 9. O-O a4 10. Nxa4 Nxe4 11. c4 d6 12. Re1 Ra6 13. Bc2 Nf6 14. f3 Bd7 15.
Nc3 Nxd4 16. Bxd4 Bc6 17. b4 Ra8 18. b5 Bd7 19. Qd2 Be6 20. Bb3 Nd7 21. Bxg7
Kxg7 22. Qd4+ Kg8 23. Ne4 Qc7 24. Ng5 Qc5 25. Nxe6 fxe6 26. Qf2 Qxf2+ 27. Kxf2
Nc5 28. Rad1 Kg7 29. Re3 Rf6 30. Rd2 g5 31. g3 h5 32. Bd1 e5 33. Kg2 h4 34. g4
Rf4 35. Be2 Kf6 36. h3 Rd4 37. Rc2 Ne6 38. Kf2 b6 39. Bf1 Nf4 40. Ke1 Ra4 41.
a3 e4 42. Rd2 Rxd2 43. Kxd2 exf3 44. Rxf3 Ke5 45. Kc2 Ke4 46. Rb3 Kd4 47. Kd2
e5 48. Rc3 e4 49. Rb3 d5 50. cxd5 Nxd5 51. Kc2 Ne3+ 0-1

[Event "Mitropacup (Women) 12th"]
[Site "Mayrhofen"]
[Date "2015.06.19"]
[Round "6.2"]
[White "Rudolf, Anna"]
[Black "Fuskova, Martina"]
[Result "1-0"]
[WhiteElo "2348"]
[BlackElo "1969"]
[PlyCount "99"]
[EventDate "2015.06.14"]
[EventType "team"]
[EventRounds "9"]
[EventCountry "AUT"]
[WhiteTeam "Hungary"]
[BlackTeam "Czech Republic"]
[WhiteTeamCountry "HUN"]
[BlackTeamCountry "CZE"]

1. d4 Nf6 2. Nf3 e6 3. e3 b6 4. Bd3 Bb7 5. O-O c5 6. c4 Be7 7. Nc3 Nc6 8. d5
Nb4 9. Be2 exd5 10. a3 d4 11. exd4 cxd4 12. Nxd4 Na6 13. Nf5 O-O 14. Bf4 Nc5
15. Nxe7+ Qxe7 16. Bd6 Qe6 17. Bxf8 Rxf8 18. Re1 Bc6 19. Qc2 Re8 20. b4 Nb7 21.
Qd2 Qf5 22. f3 Nd8 23. Bd3 Rxe1+ 24. Rxe1 Qh5 25. Qf4 Ne6 26. Qb8+ Nf8 27. Ne4
Bxe4 28. Bxe4 Qg5 29. f4 Qg4 30. Bf3 Qf5 31. Qxa7 Qxf4 32. Qxb6 Qxc4 33. Qc5
Qxc5+ 34. bxc5 Ne6 35. a4 Nxc5 36. a5 Kf8 37. Bb7 Ne8 38. Rc1 d6 39. a6 Nc7 40.
a7 Ke7 41. a8=Q Nxa8 42. Bxa8 Ke6 43. Re1+ Kf6 44. Bd5 Ne6 45. g3 h6 46. Kf2 g6
47. Ke3 Ke5 48. Rd1 Ng5 49. h4 Ne6 50. Bc4 1-0

[Event "Mitropacup (Women) 12th"]
[Site "Mayrhofen"]
[Date "2015.06.19"]
[Round "6.1"]
[White "Deur Saric, Zrinka"]
[Black "Kochetkova, Julia"]
[Result "0-1"]
[WhiteElo "2137"]
[BlackElo "2292"]
[PlyCount "54"]
[EventDate "2015.06.14"]
[EventType "team"]
[EventRounds "9"]
[EventCountry "AUT"]
[WhiteTeam "Croatia"]
[BlackTeam "Slovakia"]
[WhiteTeamCountry "CRO"]
[BlackTeamCountry "SVK"]

1. e4 e5 2. Nf3 Nc6 3. Bb5 a6 4. Ba4 Nge7 5. O-O g6 6. Nc3 Bg7 7. a3 O-O 8. Bb3
d6 9. h3 h6 10. d3 Kh7 11. Ne1 Nd4 12. Ba2 Ne6 13. Ne2 f5 14. c3 c6 15. Nc2 f4
16. f3 Ng8 17. Kh2 Nf6 18. Bd2 Qe7 19. Be1 Ng5 20. Bh4 Nh5 21. Bxg5 Qxg5 22.
Qe1 Qe7 23. Qd2 Bd7 24. d4 Rad8 25. Nb4 Qg5 26. d5 Ng3 27. Nxg3 fxg3+ 0-1

[Event "Mitropacup (Women) 12th"]
[Site "Mayrhofen"]
[Date "2015.06.19"]
[Round "6.2"]
[White "Gazikova, Veronika"]
[Black "Grgic, Neomi"]
[Result "1-0"]
[WhiteElo "2287"]
[BlackElo "2011"]
[PlyCount "71"]
[EventDate "2015.06.14"]
[EventType "team"]
[EventRounds "9"]
[EventCountry "AUT"]
[WhiteTeam "Slovakia"]
[BlackTeam "Croatia"]
[WhiteTeamCountry "SVK"]
[BlackTeamCountry "CRO"]

1. e4 e5 2. Nf3 Nc6 3. Bc4 Bc5 4. c3 Nf6 5. d3 a6 6. O-O Ba7 7. Bb3 d6 8. h3 h6
9. Re1 O-O 10. Nbd2 Be6 11. Bc2 Re8 12. Nf1 Qd7 13. Ng3 Rad8 14. d4 exd4 15.
cxd4 d5 16. e5 Ne4 17. Nh5 Qe7 18. Be3 Nb4 19. Bb1 Bf5 20. a3 Nc6 21. Nh2 Qh4
22. g3 Nxg3 23. Nxg3 Bxb1 24. Nf3 Qxh3 25. Qxb1 g5 26. Qd3 g4 27. Nh2 Re6 28.
Rad1 Rg6 29. Qf5 Ne7 30. Qh5 Qxh5 31. Nxh5 Nf5 32. Kh1 Kf8 33. Rg1 Nxe3 34.
fxe3 Rg5 35. Nf6 Kg7 36. Rxg4 1-0

[Event "Mitropacup (Women) 12th"]
[Site "Mayrhofen"]
[Date "2015.06.20"]
[Round "7.1"]
[White "Kochetkova, Julia"]
[Black "Schnegg, Anna-Lena"]
[Result "1-0"]
[WhiteElo "2292"]
[BlackElo "2054"]
[PlyCount "65"]
[EventDate "2015.06.14"]
[EventType "team"]
[EventRounds "9"]
[EventCountry "AUT"]
[WhiteTeam "Slovakia"]
[BlackTeam "Austria II"]
[WhiteTeamCountry "SVK"]

1. e4 e5 2. Nf3 Nc6 3. Bb5 a6 4. Ba4 Nf6 5. O-O Be7 6. Re1 b5 7. Bb3 d6 8. a4
Na5 9. axb5 axb5 10. c3 Bg4 11. Bc2 O-O 12. h3 Bxf3 13. Qxf3 c5 14. d3 h6 15.
Be3 Nh7 16. Nd2 Bg5 17. Nf1 Qf6 18. Qe2 Rfb8 19. Bxg5 Nxg5 20. Ne3 Ne6 21. Nd5
Qg5 22. g3 Nf4 23. Nxf4 exf4 24. Kh1 Nc6 25. Rad1 b4 26. Bb1 fxg3 27. Rg1 bxc3
28. bxc3 Qe5 29. Rxg3 Ra1 30. Qc2 Ra3 31. Rdg1 g6 32. Qc1 Kh7 33. Qxa3 1-0

[Event "Mitropacup (Women) 12th"]
[Site "Mayrhofen"]
[Date "2015.06.20"]
[Round "7.2"]
[White "Hapala, Elisabeth"]
[Black "Gazikova, Veronika"]
[Result "0-1"]
[WhiteElo "2090"]
[BlackElo "2287"]
[PlyCount "116"]
[EventDate "2015.06.14"]
[EventType "team"]
[EventRounds "9"]
[EventCountry "AUT"]
[WhiteTeam "Austria II"]
[BlackTeam "Slovakia"]
[BlackTeamCountry "SVK"]

1. e4 e6 2. d4 d5 3. Nd2 Nf6 4. e5 Nfd7 5. Bd3 c5 6. c3 Nc6 7. Ne2 cxd4 8. cxd4
f6 9. exf6 Nxf6 10. Nf3 Bd6 11. O-O Qc7 12. Bg5 O-O 13. Bh4 Nh5 14. Qc2 h6 15.
Bh7+ Kh8 16. Bg6 Rxf3 17. Bxh5 Bxh2+ 18. Kh1 Rf5 19. Bg6 Bd6 20. Bxf5 exf5 21.
Rae1 Qf7 22. Bg3 Bxg3 23. fxg3 Bd7 24. Qd2 Re8 25. Nc3 Rc8 26. Qf4 Be6 27. Rf2
Rd8 28. Rfe2 Bc8 29. Kg1 Kh7 30. a3 Qf6 31. Rd1 Be6 32. Rd3 Rd7 33. Nb1 g5 34.
Qe3 Bf7 35. Qf2 Bg6 36. Rdd2 Na5 37. Nc3 Nb3 38. Rd3 Nc1 39. Rde3 Nxe2+ 40.
Rxe2 Bf7 41. Re5 Be6 42. Qe3 Bf7 43. Qf3 Kg6 44. Nxd5 Rxd5 45. Rxd5 g4 46. Qb3
Qc6 47. Rd6+ Qxd6 48. Qxb7 Qxd4+ 49. Kh2 Qb6 50. Qd7 Qxb2 51. Qxa7 Bd5 52. Qa6+
Kh5 53. Qf1 Be4 54. a4 Qa2 55. a5 Qxa5 56. Qc4 Qd5 57. Qa4 Qe6 58. Qb4 Qa2 0-1

[Event "Mitropacup (Women) 12th"]
[Site "Mayrhofen"]
[Date "2015.06.20"]
[Round "7.1"]
[White "Vajda, Szidonia"]
[Black "Deur Saric, Zrinka"]
[Result "1-0"]
[WhiteElo "2351"]
[BlackElo "2137"]
[PlyCount "131"]
[EventDate "2015.06.14"]
[EventType "team"]
[EventRounds "9"]
[EventCountry "AUT"]
[WhiteTeam "Hungary"]
[BlackTeam "Croatia"]
[WhiteTeamCountry "HUN"]
[BlackTeamCountry "CRO"]

1. e4 c5 2. Nf3 d6 3. Bb5+ Bd7 4. Bxd7+ Qxd7 5. c4 Nf6 6. Nc3 Nc6 7. d4 cxd4 8.
Nxd4 g6 9. f3 Nxd4 10. Qxd4 Bg7 11. Be3 O-O 12. Qd3 Rfc8 13. Rc1 Qc7 14. b3 Qa5
15. O-O a6 16. a4 Nd7 17. Nd5 Re8 18. Qc2 e6 19. b4 Qd8 20. Nf4 Rc8 21. Rfd1
Qc7 22. Qf2 Ne5 23. Bb6 Qd7 24. Qa2 Qc6 25. c5 dxc5 26. Bxc5 b5 27. Ne2 Qb7 28.
Bd4 Rxc1 29. Rxc1 Nc4 30. Bxg7 Kxg7 31. Nc3 Qb6+ 32. Qf2 bxa4 33. Nxa4 Qxf2+
34. Kxf2 Ne5 35. Nc5 Ra8 36. f4 Ng4+ 37. Kf3 Nf6 38. Ra1 Rb8 39. Nxa6 Rb6 40.
Ra4 Nd7 41. Ke3 e5 42. g3 Rc6 43. b5 Rc3+ 44. Kd2 Rb3 45. Rb4 Rxb4 46. Nxb4 f5
47. fxe5 Nxe5 48. exf5 gxf5 49. Nd5 Kf7 50. b6 Ke6 51. b7 Nc6 52. Nc7+ Ke5 53.
Na6 f4 54. gxf4+ Kxf4 55. Ke2 Kg4 56. Kf2 Kh3 57. Kg1 h5 58. Kh1 h4 59. Kg1 Kg4
60. Kg2 h3+ 61. Kf2 Kf4 62. b8=Q+ Nxb8 63. Nxb8 Kg4 64. Ke3 Kg5 65. Kf3 Kh4 66.
Nc6 1-0

[Event "Mitropacup (Women) 12th"]
[Site "Mayrhofen"]
[Date "2015.06.20"]
[Round "7.2"]
[White "Grgic, Neomi"]
[Black "Rudolf, Anna"]
[Result "0-1"]
[WhiteElo "2011"]
[BlackElo "2348"]
[PlyCount "48"]
[EventDate "2015.06.14"]
[EventType "team"]
[EventRounds "9"]
[EventCountry "AUT"]
[WhiteTeam "Croatia"]
[BlackTeam "Hungary"]
[WhiteTeamCountry "CRO"]
[BlackTeamCountry "HUN"]

1. e4 e6 2. d4 d5 3. Nd2 h6 4. Bd3 c5 5. dxc5 Nf6 6. Qe2 Bxc5 7. Ngf3 Nc6 8. c3
Qc7 9. O-O O-O 10. h3 Bb6 11. Re1 dxe4 12. Nxe4 Nd5 13. c4 Nf4 14. Bxf4 Qxf4
15. c5 Bc7 16. Ng3 Nd4 17. Nxd4 Qxd4 18. Qe4 Qxe4 19. Nxe4 Rd8 20. Red1 Bd7 21.
b4 Ba4 22. Rd2 Bf4 23. Bc2 Rxd2 24. Nxd2 Bxc2 0-1

[Event "Mitropacup (Women) 12th"]
[Site "Mayrhofen"]
[Date "2015.06.20"]
[Round "7.1"]
[White "Hoolt, Sarah"]
[Black "Novosadova, Kristyna"]
[Result "0-1"]
[WhiteElo "2283"]
[BlackElo "2211"]
[PlyCount "116"]
[EventDate "2015.06.14"]
[EventType "team"]
[EventRounds "9"]
[EventCountry "AUT"]
[WhiteTeam "Germany"]
[BlackTeam "Czech Republic"]
[WhiteTeamCountry "GER"]
[BlackTeamCountry "CZE"]

1. e4 e5 2. Nf3 Nc6 3. Bb5 a6 4. Ba4 Nf6 5. Qe2 Be7 6. c3 O-O 7. d4 b5 8. Bc2
d6 9. Nbd2 exd4 10. cxd4 Bb7 11. O-O Re8 12. a3 Bf8 13. Qd3 g6 14. Re1 Bg7 15.
b4 Qd7 16. Bb2 Nh5 17. Nf1 Ne7 18. Qb3 d5 19. e5 Nc8 20. Rad1 Nb6 21. Bc1 Nc4
22. h3 Bf8 23. N1h2 a5 24. Ng4 axb4 25. axb4 Qe7 26. Nh6+ Kh8 27. g4 Bxh6 28.
Bxh6 Ra3 29. Qb1 Rxf3 30. Kg2 Qh4 31. Kxf3 Qxh3+ 32. Ke2 Bc8 33. Bf5 gxf5 34.
Rg1 fxg4 35. Rd3 g3 36. Qf1 Bg4+ 37. f3 Qxf1+ 38. Rxf1 Bf5 39. Rdd1 Re6 40. Be3
f6 41. Rh1 Ng7 42. Bf4 fxe5 43. dxe5 g2 44. Rh6 d4 45. Kf2 d3 46. Ra1 Bg6 47.
Rh2 Re8 48. Rxg2 Ne6 49. Bh6 Kg8 50. Kg3 Nd4 51. Kf2 Rxe5 52. Ra8+ Kf7 53. Rg4
Re2+ 54. Kf1 Nf5 55. Rf4 Nce3+ 56. Kg1 d2 57. Rf8+ Ke7 58. Re4+ Kd7 0-1

[Event "Mitropacup (Women) 12th"]
[Site "Mayrhofen"]
[Date "2015.06.20"]
[Round "7.2"]
[White "Fuskova, Martina"]
[Black "Fuchs, Judith"]
[Result "0-1"]
[WhiteElo "1969"]
[BlackElo "2286"]
[PlyCount "148"]
[EventDate "2015.06.14"]
[EventType "team"]
[EventRounds "9"]
[EventCountry "AUT"]
[WhiteTeam "Czech Republic"]
[BlackTeam "Germany"]
[WhiteTeamCountry "CZE"]
[BlackTeamCountry "GER"]

1. e4 c5 2. Nf3 Nc6 3. d4 cxd4 4. Nxd4 Qb6 5. Nb3 Nf6 6. Nc3 e6 7. Bd3 Bb4 8.
O-O O-O 9. Be3 Qd8 10. f4 Bxc3 11. bxc3 e5 12. fxe5 Nxe5 13. Bg5 d6 14. Nd4 Be6
15. Bxf6 gxf6 16. Qh5 Kh8 17. Qh6 Rg8 18. Qxf6+ Qxf6 19. Rxf6 Rg6 20. Rxg6 hxg6
21. Nxe6 fxe6 22. Rb1 b6 23. Kf2 Rc8 24. Rb3 Kg7 25. h3 Kf6 26. Ra3 Rc7 27. Kg3
Nd7 28. c4 Ne5 29. Ra4 Nc6 30. Kf4 g5+ 31. Ke3 Ke5 32. c3 Kf6 33. Be2 Ne5 34.
Kd4 Nc6+ 35. Ke3 Ne5 36. Kd4 Nc6+ 37. Ke3 Ke5 38. Bd3 Rf7 39. Ra3 Na5 40. Ra4
Nc6 41. Ra3 Na5 42. Ra4 Rf4 43. Rb4 Nb7 44. g3 Rf6 45. Rb1 Nc5 46. Bc2 Nd7 47.
Rb5+ Nc5 48. Rb1 Nd7 49. Rb5+ Nc5 50. Rb1 Rh6 51. h4 gxh4 52. Rh1 h3 53. Rh2
Nd7 54. Kf3 Nf6 55. Bd3 Rh8 56. Bc2 Rf8 57. Rxh3 Nxe4+ 58. Ke3 Ng5 59. Rh5 Rf3+
60. Ke2 Rxg3 61. Kf2 Rxc3 62. Bb3 Kf6 63. Rh6+ Kf5 64. Rh8 Ne4+ 65. Ke2 Rg3 66.
Rh7 Ke5 67. Rxa7 Kd4 68. Rb7 Re3+ 69. Kf1 Nd2+ 70. Kf2 Nxb3 71. Rxb6 Nc5 72.
Rxd6+ Ke4 73. a4 Ra3 74. Rc6 Kd4 0-1

[Event "Mitropacup (Women) 12th"]
[Site "Mayrhofen"]
[Date "2015.06.20"]
[Round "7.1"]
[White "Exler, Veronika"]
[Black "Unuk, Laura"]
[Result "1/2-1/2"]
[WhiteElo "2193"]
[BlackElo "2121"]
[PlyCount "145"]
[EventDate "2015.06.14"]
[EventType "team"]
[EventRounds "9"]
[EventCountry "AUT"]
[WhiteTeam "Austria I"]
[BlackTeam "Slovenia"]
[BlackTeamCountry "SLO"]

1. d4 Nf6 2. c4 e6 3. Nf3 Bb4+ 4. Bd2 Qe7 5. g3 Bxd2+ 6. Nbxd2 d6 7. e4 e5 8.
d5 O-O 9. Bg2 Ne8 10. O-O g6 11. Rc1 a5 12. Ne1 Ng7 13. Nd3 Na6 14. a3 f5 15.
b4 b6 16. bxa5 Nc5 17. Nxc5 bxc5 18. Nb3 f4 19. g4 f3 20. Bxf3 Qh4 21. Be2 h5
22. f3 Qh3 23. Qe1 hxg4 24. Qg3 Nh5 25. Qxh3 gxh3 26. Kf2 Nf4 27. Rg1 Bd7 28.
Rb1 Kf7 29. Rb2 Ke7 30. Ke3 Rfb8 31. Rgb1 g5 32. Nc1 Rxb2 33. Rxb2 Rxa5 34. Rb3
Ra4 35. Rc3 Ra8 36. Nd3 Rf8 37. Nxf4 exf4+ 38. Kd2 Kf6 39. Bd1 Ke5 40. a4 Ra8
41. Ra3 Ra5 42. Kd3 Be8 43. Ra2 Bg6 44. Kc3 g4 45. fxg4 Bxe4 46. Be2 c6 47.
dxc6 Bxc6 48. Bf1 Rxa4 49. Rxa4 Bxa4 50. Bxh3 Bd7 51. Kd3 Be6 52. Bg2 Bxg4 53.
Bd5 Bh5 54. Bg8 Bf3 55. Bf7 Kf6 56. Bg8 Ke5 57. Bf7 d5 58. cxd5 Bxd5 59. Bh5
Kf5 60. h4 Bg8 61. Bf3 Ke5 62. Kc3 Bf7 63. Kd3 Bg8 64. Kc3 Bd5 65. Bxd5 Kxd5
66. h5 f3 67. Kd2 Ke5 68. h6 Kf6 69. Ke3 c4 70. Kxf3 c3 71. Ke3 Kg6 72. Kd3
Kxh6 73. Kxc3 1/2-1/2

[Event "Mitropacup (Women) 12th"]
[Site "Mayrhofen"]
[Date "2015.06.20"]
[Round "7.2"]
[White "Hrescak, Ivana"]
[Black "Newrkla, Katharina"]
[Result "0-1"]
[WhiteElo "2057"]
[BlackElo "2153"]
[PlyCount "86"]
[EventDate "2015.06.14"]
[EventType "team"]
[EventRounds "9"]
[EventCountry "AUT"]
[WhiteTeam "Slovenia"]
[BlackTeam "Austria I"]
[WhiteTeamCountry "SLO"]

1. d4 Nf6 2. c4 g6 3. Nc3 Bg7 4. e4 d6 5. f3 O-O 6. Be3 c5 7. Nge2 Nc6 8. d5
Ne5 9. Ng3 h5 10. Be2 h4 11. Nf1 e6 12. f4 Nxc4 13. Bxc4 b5 14. Bxb5 exd5 15.
exd5 Rb8 16. Rb1 Qe7 17. Qd2 h3 18. Bd3 Re8 19. Rg1 Ng4 20. Nd1 Bd4 21. Ke2
Nxe3 22. Ndxe3 hxg2 23. Rxg2 Bh3 24. Kf3 Bxe3 25. Rxg6+ fxg6 26. Nxe3 Rb4 27.
Rg1 Rxf4+ 28. Kxf4 Qe5+ 29. Kf3 Rf8+ 30. Bf5 Bxf5 31. Ke2 Qxh2+ 32. Rg2 Qh5+
33. Ke1 Qh1+ 34. Ke2 Re8 35. Kf2 Be4 36. Rg4 Rf8+ 37. Ke2 Bf3+ 38. Kd3 Bxg4 39.
Nxg4 Qxd5+ 40. Kc3 Rf3+ 41. Ne3 Qe5+ 42. Kd3 Qd4+ 43. Ke2 Rf2+ 0-1

[Event "Mitropacup (Women) 12th"]
[Site "Mayrhofen"]
[Date "2015.06.21"]
[Round "8.1"]
[White "Heinatz, Dr. Gundula"]
[Black "Unuk, Laura"]
[Result "1/2-1/2"]
[WhiteElo "2215"]
[BlackElo "2121"]
[PlyCount "62"]
[EventDate "2015.06.14"]
[EventType "team"]
[EventRounds "9"]
[EventCountry "AUT"]
[WhiteTeam "Switzerland"]
[BlackTeam "Slovenia"]
[WhiteTeamCountry "SUI"]
[BlackTeamCountry "SLO"]

1. d4 d5 2. Nf3 Nf6 3. Bg5 Ne4 4. Bf4 c5 5. e3 Nc6 6. Nbd2 Bg4 7. Be2 e6 8. O-O
Nxd2 9. Qxd2 Bxf3 10. Bxf3 g5 11. Be5 Nxe5 12. dxe5 Bg7 13. c4 Bxe5 14. cxd5
Qd6 15. Qa5 g4 16. Qb5+ Kf8 17. Bxg4 Rg8 18. Bh3 exd5 19. f4 Bf6 20. Rad1 b6
21. Kh1 Re8 22. Rf3 Re4 23. b3 Qe7 24. Qc6 d4 25. Bf5 Rxe3 26. Rxe3 dxe3 27.
Bd3 Bc3 28. Qc8+ Kg7 29. Qf5 Kf8 30. Qc8+ Kg7 31. Qf5 Kf8 1/2-1/2

[Event "Mitropacup (Women) 12th"]
[Site "Mayrhofen"]
[Date "2015.06.21"]
[Round "8.2"]
[White "Hrescak, Ivana"]
[Black "Heinatz, Maria"]
[Result "1/2-1/2"]
[WhiteElo "2057"]
[BlackElo "1958"]
[PlyCount "156"]
[EventDate "2015.06.14"]
[EventType "team"]
[EventRounds "9"]
[EventCountry "AUT"]
[WhiteTeam "Slovenia"]
[BlackTeam "Switzerland"]
[WhiteTeamCountry "SLO"]
[BlackTeamCountry "SUI"]

1. d4 d5 2. c4 c6 3. Nf3 Nf6 4. Nc3 dxc4 5. a4 Bf5 6. e3 e6 7. Bxc4 Bb4 8. O-O
O-O 9. Qe2 Bg6 10. Ne5 Nbd7 11. Rd1 Qe7 12. Nxd7 Qxd7 13. f3 Rfd8 14. e4 Qc7
15. Bg5 Be7 16. Rac1 Ng4 17. fxg4 Bxg5 18. Ra1 a5 19. g3 Rd7 20. Qf2 h5 21. h4
Be7 22. g5 Rad8 23. Kg2 Qb6 24. d5 Bc5 25. Qd2 exd5 26. exd5 cxd5 27. Bb5 Rd6
28. Re1 Bb4 29. Qf4 d4 30. Ne4 Re6 31. Nd2 d3 32. Nc4 Qd4 33. Rxe6 fxe6 34.
Qxd4 Rxd4 35. Ne3 d2 36. Nd1 Re4 37. Bd3 Kf7 38. Bxe4 Bxe4+ 39. Kf2 Bc2 40. Ke2
Bb3 41. Ne3 Ke7 42. Kd3 Kd7 43. Nc2 Bxa4 44. Ne3 b5 45. Ke2 Bb3 46. Rg1 Ke7 47.
g4 hxg4 48. Rxg4 e5 49. h5 Kf7 50. h6 gxh6 51. gxh6 Bf8 52. h7 d1=Q+ 53. Nxd1
Bg7 54. Nc3 Bc2 55. Ne4 Bxe4 56. Rxe4 Kg6 57. Rh4 Bh8 58. Kd2 Kg5 59. Rh1 Kf6
60. Rg1 Bg7 61. Kd3 Kf7 62. Rg2 Kf6 63. Rh2 Ke6 64. h8=Q Bxh8 65. Rxh8 Kd5 66.
Rc8 e4+ 67. Ke3 a4 68. Rh8 Kc4 69. Kxe4 Kb3 70. Rh2 b4 71. Kd3 a3 72. bxa3 bxa3
73. Rh8 Kb2 74. Kd2 a2 75. Rb8+ Ka1 76. Ra8 Kb2 77. Rb8+ Ka1 78. Re8 Kb2
1/2-1/2

[Event "Mitropacup (Women) 12th"]
[Site "Mayrhofen"]
[Date "2015.06.21"]
[Round "8.1"]
[White "Novosadova, Kristyna"]
[Black "Exler, Veronika"]
[Result "1-0"]
[WhiteElo "2211"]
[BlackElo "2193"]
[PlyCount "113"]
[EventDate "2015.06.14"]
[EventType "team"]
[EventRounds "9"]
[EventCountry "AUT"]
[WhiteTeam "Czech Republic"]
[BlackTeam "Austria I"]
[WhiteTeamCountry "CZE"]

1. d4 d5 2. c4 e6 3. Nf3 Nf6 4. Nc3 Bb4 5. Qa4+ Nc6 6. Bg5 h6 7. Bh4 g5 8. Bg3
Ne4 9. Rc1 Bd7 10. cxd5 exd5 11. Qb3 Be6 12. Ne5 Bxc3+ 13. bxc3 Nxe5 14. Bxe5
f6 15. Bg3 b6 16. e3 h5 17. f3 Nxg3 18. hxg3 Qd6 19. g4 Kf7 20. gxh5 Qg3+ 21.
Ke2 Rae8 22. Qc2 Rh6 23. Kd1 Bd7 24. Qe2 f5 25. Kc2 Rhe6 26. Re1 f4 27. Rh3
Rxe3 28. Rxg3 Rxe2+ 29. Bxe2 fxg3 30. Kd2 Kf6 31. Rh1 Rh8 32. c4 dxc4 33. Bxc4
g4 34. Be2 Kg5 35. fxg4 Bxg4 36. Bxg4 Kxg4 37. h6 Rh7 38. Rh3 Kf4 39. Kd3 c6
40. d5 c5 41. Kc4 Ke5 42. Rh5+ Kd6 43. Kd3 b5 44. Ke4 c4 45. Kf5 c3 46. Kg6 c2
47. Rh1 Rc7 48. h7 Rc8 49. Rc1 Kxd5 50. Rxc2 Rxc2 51. h8=Q Kc4 52. Qh4+ Kc5 53.
Qxg3 Rxa2 54. Qc3+ Kb6 55. Qe3+ Kc7 56. Qe7+ Kb8 57. Qf8+ 1-0